000 006020000a22001210004500
100 1 _aSimpson, Charles
245 1 0 _a"Boga mar adentro"
300 _aVol.2, núm.12 (1992), Páginas 178-181
500 _aCharles Simpson es editor de la revita Christian Conquest. ministra dentro y fuera de los Estados Unidos de Norteamérica.
520 _aLaliberación de la iglesia de la actitud de espectador. Atrapados en la costa. Barcas vacías. Al entrar a una barca. Aguas profundas. Una pesca abundante. Un llamamiento más alto. La iglesia liberada.
773 0 _tConquista Cristiana
942 _cANA
999 _c60657
_d60657